| 000 | 01073nam a2200217Ia 4500 | ||
|---|---|---|---|
| 003 | IT-RoPAU | ||
| 005 | 20220918175417.0 | ||
| 008 | 120407s9999 xx 000 0 und d | ||
| 040 | _aIT-RoPAU | ||
| 040 | _cIT-RoPAU | ||
| 100 |
_aTodaro, Luigi _cssp _9180 |
||
| 245 |
_aMaria Regina degli Apostoli _bnella dottrina e nella pietà di Don Giacomo Alberione |
||
| 250 | _a1° ed. | ||
| 260 |
_aRoma _bSocietà San Paolo _c1994 |
||
| 300 |
_c21 cm _a151 p. |
||
| 490 | _v1 | ||
| 500 | _aPubblicazione uso manoscritto. | ||
| 520 | _aINDICE Presentazione; Introduzione; Capitolo I: Le tappe della vita di Don Alberione nel suo rapporto con Maria; Capitolo II: Maria Madre, Maestra, Regina degli Apostoli; Capitolo III: Valutazione del pensiero di Don Giacomo Alberione su Maria Regina degli Apostoli; Appendice: Una meditazione di Don G. Alberione su Maria, Regina degli Apostoli; Bibliografia; I. Fonti; Articoli pubblicati sulle riviste fondate o volute da Don Alberione; II. Studi; Altre fonti bibliografiche; Appendice iconografica. | ||
| 942 |
_cBK _2ddc |
||
| 999 |
_c9655 _d9655 |
||